Statistics for Muscle Cars

Click here to take the quiz!

General Stats

  • This quiz has been taken 282 times
  • The average score is 4 of 8

Answer Stats

BrandAnswer% Correct
FordMustang
98%
DodgeCharger
92%
DodgeChallenger
90%
ChevorletCamaro
85%
CorvetteCorvette
47%
DodgeViper
27%
FerrarriFerarri
2%
PlymouthScamp
1%

Score Distribution

Percentile by Number Answered

Percent of People with Each Score

Your Score History

You have not taken this quiz